Metallurgija ferrosplavov
Na minha lista:
| Main Authors: | , |
|---|---|
| Formato: | Livro |
| Idioma: | russo |
| Publicado em: |
Moskva :
Metallurgija,
1976
|
| Edição: | 2. izd. |
| Assuntos: | |
| Tags: |
Sem tags, seja o primeiro a adicionar uma tag!
|
MARC
| LEADER | 00000nam a22000003a 4500 | ||
|---|---|---|---|
| 001 | stu86588 | ||
| 005 | 20150617225631.2 | ||
| 008 | 040503s1976----xxr-----------------rus-d | ||
| 040 | |a STU |b slo | ||
| 041 | 0 | |a rus | |
| 044 | |a xxr | ||
| 080 | |a 669.168 | ||
| 100 | 1 | |a Durrer, Robert |4 aut | |
| 245 | 1 | |a Metallurgija ferrosplavov | |
| 250 | |a 2. izd. | ||
| 260 | |a Moskva : |b Metallurgija, |c 1976 | ||
| 300 | |a 477 s | ||
| 650 | 7 | |a ferozliatiny |2 stusub | |
| 700 | 1 | |a Volkert, G. |4 aut | |
| 996 | |b 284J020652 |c J*49930 |l JJSK |s A |a 24 |w stu86588_0001 | ||